ბათუმის შოთა რუსთაველის სახელმწიფო უნივერსიტეტის ბიბლიოთეკა

Сварка магистральных и заводских трубопроводов. (ბიბ.ჩანაწერი № 50884)

000 -LEADER
fixed length control field 00646nam a2200205Ia 4500
001 - CONTROL NUMBER
control field 17839
003 - CONTROL NUMBER IDENTIFIER
control field GE_BSU
008 - FIXED-LENGTH DATA ELEMENTS--GENERAL INFORMATION
fixed length control field 181216s||||||||xx |||||||||||||| ||und||
040 ## - CATALOGING SOURCE
Transcribing agency GE_BSU
080 ## - UNIVERSAL DECIMAL CLASSIFICATION NUMBER
Universal Decimal Classification number 621.791
100 ## - MAIN ENTRY--PERSONAL NAME
Personal name Фалькевич,А.С.
245 ## - TITLE STATEMENT
Title Сварка магистральных и заводских трубопроводов.
245 ## - TITLE STATEMENT
Statement of responsibility, etc. Вед. ред. Е.А.Шахмаева.
260 ## - PUBLICATION, DISTRIBUTION, ETC.
Place of publication, distribution, etc. М.
260 ## - PUBLICATION, DISTRIBUTION, ETC.
Name of publisher, distributor, etc. Гостоптехиздат.
260 ## - PUBLICATION, DISTRIBUTION, ETC.
Date of publication, distribution, etc. 1958.
300 ## - PHYSICAL DESCRIPTION
Extent 346 стр. 22 см.
653 ## - INDEX TERM--UNCONTROLLED
Uncontrolled term Сварка магистральных и заводских трубопроводов.
942 ## - ADDED ENTRY ELEMENTS (KOHA)
Koha item type წიგნი
ეგზემპლარები
Withdrawn status Lost status Damaged status Not for loan Date acquired Barcode Date last seen Price effective from Koha item type
        2018-12-17 9865 2018-12-17 2018-12-17 წიგნი